The sports book : (Record no. 7475)
[ view plain ]
| 000 -LEADER | |
|---|---|
| fixed length control field | 01048cam a2200325 a 4500 |
| 001 - CONTROL NUMBER | |
| JCCL Control Number | 7475 |
| 003 - CONTROL NUMBER IDENTIFIER | |
| JCCL marc code | BD-JhCC |
| 005 - DATE AND TIME OF LATEST TRANSACTION | |
| control field | 20180211101941.0 |
| 008 - FIXED-LENGTH DATA ELEMENTS--GENERAL INFORMATION | |
| fixed length control field | 071218s2007 enka 001 0 eng |
| 020 ## - INTERNATIONAL STANDARD BOOK NUMBER | |
| International Standard Book Number | 9780756631956 |
| 020 ## - INTERNATIONAL STANDARD BOOK NUMBER | |
| International Standard Book Number | 0756631955 |
| 035 ## - SYSTEM CONTROL NUMBER | |
| system control number | (BD-JhCC)7475 |
| 040 ## - CATALOGING SOURCE | |
| Original cataloging agency | IEP |
| Transcribing agency | IEP |
| Modifying agency | BAKER |
| -- | CPL |
| -- | DLC |
| -- | BD-JhCC |
| 041 ## - LANGUAGE CODE | |
| Language code of Book | eng |
| 050 00 - LIBRARY OF CONGRESS CALL NUMBER | |
| Classification number | GV707 |
| Item number | .S698 2007 |
| 082 ## - DEWEY DECIMAL CLASSIFICATION NUMBER | |
| Author mark and Year | SPO 2007 |
| DDC Edition number | 22 |
| Classification number | 796 |
| 245 04 - TITLE STATEMENT | |
| Title | The sports book : |
| Remainder of title | the games, the rules, the tactics, the techniques / |
| Statement of responsibility, etc | [senior editor, David Summers ; project editors, Tarda Davison-Aitkins ... et al.]. |
| 250 ## - EDITION STATEMENT | |
| Edition statement | 1st American ed. |
| 260 ## - PUBLICATION, DISTRIBUTION, ETC. (IMPRINT) | |
| Place of publication, distribution, etc | London ; |
| -- | New York : |
| Name of publisher, distributor, etc | DK Pub., |
| Date of publication, distribution, etc | 2007. |
| 300 ## - PHYSICAL DESCRIPTION | |
| Pagination | 448 p. : |
| Other physical details | col. ill. ; |
| Dimensions | 27 cm. |
| 500 ## - GENERAL NOTE | |
| General note | Includes index. |
| 650 #0 - SUBJECT ADDED ENTRY--TOPICAL TERM | |
| Topical term or geographic name as entry element | Sports |
| Form subdivision | Miscellanea. |
| 650 #0 - SUBJECT ADDED ENTRY--TOPICAL TERM | |
| Topical term or geographic name as entry element | Sports |
| Form subdivision | Rules. |
| 650 #0 - SUBJECT ADDED ENTRY--TOPICAL TERM | |
| Topical term or geographic name as entry element | Sports. |
| 700 1# - ADDED ENTRY--PERSONAL NAME | |
| Personal name | Summers, David. |
| 700 1# - ADDED ENTRY--PERSONAL NAME | |
| Personal name | Davison-Aitkins, Tarda. |
| 856 42 - ELECTRONIC LOCATION AND ACCESS | |
| Materials specified | Publisher description |
| Uniform Resource Identifier | http://www.loc.gov/catdir/enhancements/fy1516/2007300354-d.html |
| 942 ## - ADDED ENTRY ELEMENTS (KOHA) | |
| Source of classification or shelving scheme | Dewey Decimal Classification |
| Koha item type | Books |
| Source of classification or shelving scheme | Damaged status | Not for loan | Home library | Current library | Shelving location | Date of accession | Total Checkouts | Full call number | Barcode | Date last seen | Copy number | Koha item type |
|---|---|---|---|---|---|---|---|---|---|---|---|---|
| Dewey Decimal Classification | JCC Rouf Library | JCC Rouf Library | General Stacks | 02/11/2018 | 796 SPO 2007 | 10101 | 02/10/2018 | C - 1 | Books |